Places To Study

There are group study rooms, individual study carrels, computer labs, and other spaces to study in the Libraries.

Reserve A Group Room

Online Resources

Access thousands of eBooks, audiobooks, and online journals from the comfort of your home.

Explore Resources

Events and Workshops

Join our upcoming events and workshops to enhance your skills and knowledge.

View Events

Mandalay and other cities of the past in Burma / (Record no. 2782)

MARC details
000 -LEADER
fixed length control field 00726nam a22002177a 4500
003 - CONTROL NUMBER IDENTIFIER
control field OSt
005 - DATE AND TIME OF LATEST TRANSACTION
control field 20251222141651.0
008 - FIXED-LENGTH DATA ELEMENTS--GENERAL INFORMATION
fixed length control field 251222b |||||||| |||| 00| 0 eng d
040 ## - CATALOGING SOURCE
Transcribing agency DCL
041 ## - LANGUAGE CODE
Language code of text/sound track or separate title English
082 ## - DEWEY DECIMAL CLASSIFICATION NUMBER
Classification number 915.91
100 1# - MAIN ENTRY--PERSONAL NAME
Personal name O'Connor, V. C. Scott (Vincent Clarence Scott),
Dates associated with a name 1869-1945
245 10 - TITLE STATEMENT
Title Mandalay and other cities of the past in Burma /
Statement of responsibility, etc. by V.C. Scott O'Connor.
260 ## - PUBLICATION, DISTRIBUTION, ETC.
Place of publication, distribution, etc. Bangkok :
Name of publisher, distributor, etc. White Lotus,
Date of publication, distribution, etc. 1996.
300 ## - PHYSICAL DESCRIPTION
Extent xxvi, 435 pages :
Other physical details illustrations, maps ;
Dimensions 20 cm.
500 ## - GENERAL NOTE
General note Includes index.
504 ## - BIBLIOGRAPHY, ETC. NOTE
Bibliography, etc. note Includes bibliographical notes and index.
651 ## - SUBJECT ADDED ENTRY--GEOGRAPHIC NAME
Geographic name Myanmar
Form subdivision History
651 ## - SUBJECT ADDED ENTRY--GEOGRAPHIC NAME
Geographic name Mandalay (Burma)
Form subdivision Description and travel
942 ## - ADDED ENTRY ELEMENTS (KOHA)
Source of classification or shelving scheme Dewey Decimal Classification
Koha item type Short Term
Suppress in OPAC No
Holdings
Withdrawn status Lost status Source of classification or shelving scheme Damaged status Not for loan Collection Accession No. Home library Current library Shelving location Date acquired Total checkouts Full call number Barcode Date last seen Price effective from Koha item type
    Dewey Decimal Classification     English Collection 662 Dhammadhara Dhammadhara English Shelves 22/12/2025   915.91 O'C 662 EB00000662 22/12/2025 22/12/2025 Short Term